000 00638nam a22001817a 4500
008 160116b xxu||||| |||| 00| 0 eng d
020 _a978-971-0588-82-4
082 _23rd Edition
_aDFil 362.29
_bM31i
100 _91855
_aManwong, Rommel K.
245 _aInstructional materials in drug education and vice control/
_cRommel K. Manwong
250 _a3rd Edition.
260 _aQuezon City:
_bWiseman's Books Trading, Inc.,
_cc2013.
300 _aix, 371 pages;
_billustrations;
_c22 cm.
500 _aIncludes bibliographical references and appendices.
650 0 _91856
_aDrug education
650 0 _91857
_aDrug abuse
942 _2ddc
_cDFIL
999 _c694
_d694